Avances en Biomedicina | Universidad de Los Andes

Bibliografske podrobnosti
Format: Elektronski Revija
Jezik:English
Izdano: Cambridge University Press
Online dostop:Full text available on Research4Life (HINARI,AGORA,OARE,ARDI & GOALI)
LEADER 00747cas a2200169 a 4500
001 AALejournalResearch4Life010992
008 240902c9999 xx r poo 0 0eng d
022 |a 22447881 
040 |a BD-DhAAL  |c BD-DhAAL 
245 0 0 |h [electronic resource]  |a Avances en Biomedicina | Universidad de Los Andes 
260 |b Cambridge University Press 
300 |a 1 online resource 
362 0 |a 2012 - current issue 
500 |a <strong>On-Campus Access Only (IP based access)</strong> 
506 |a Electronic access restricted to authorized BRAC University faculty, staff and students 
538 |a Mode of access: Internet 
856 4 0 |z Full text available on Research4Life (HINARI,AGORA,OARE,ARDI & GOALI)  |u http://erevistas.saber.ula.ve/index.php/biomedicina/index